• 首页
  • 本馆介绍
  • 公告通知
  • 最新文献
  • 馆藏检索
  • 电子资源
  • 读者导购
  • 参考咨询
  • 我的图书馆
  • 登录
  • 详细信息显示
  • 放入我的书架
  • 预约/预借图书
  • 作者相关作品
  • 分类相关作品
  • 丛书相关作品
  • 出版社相关作品

书目信息

  • 表格格式
  • 工作单格式
  • 卡片格式
题名:
古筝文化与指序练习之法
    
 
作者: 白娟 , 于红岩 著
分册:  
出版信息: 北京   北京工业大学出版社  2021.4
页数: 224页
开本: 24cm
丛书名:
单 册:
中图分类: J632.321 , J632.326
科图分类:
主题词: 筝--音乐文化 , 筝--指法
电子资源:
ISBN: 978-7-5639-6910-4
000 00881nam0 2200265 45
001 012001000760
005 20130909143846.0
010    @a978-7-5639-6910-4@dCNY73.00
100    @a20200919d2019 em y0chiy0110 ea
101 0  @achi
102    @aCN@b110000
105    @ag z 000yy
106    @ar
200 1  @a古筝文化与指序练习之法@Agu zheng wen hua yu zhi xu lian xi zhi fa@f白娟, 于红岩著
210    @a北京@c北京工业大学出版社@d2021.4
215    @a224页@d24cm
330    @a本书共六章,内容包括:古筝历史文化溯源、古筝本体文化、古筝演奏技法的传承与创新、古筝自然指序练习、古筝密集与超密集指序练习、传统及现代古筝名曲鉴赏。
606 0  @a筝@x音乐文化
606 0  @a筝@x指法
690    @aJ632.321@v5
690    @aJ632.326@v5
701  0 @a白娟@Abai juan@4著
701  0 @a于红岩@Ayu hong yan@4著
801    @aCN@b江苏凤凰@c20211018
905    @b1340928-31@dJ632.321@e183@f4
    
    古筝文化与指序练习之法/白娟, 于红岩著.-北京:北京工业大学出版社,2021.4
    224页;24cm
    
    
    ISBN 978-7-5639-6910-4:CNY73.00
    本书共六章,内容包括:古筝历史文化溯源、古筝本体文化、古筝演奏技法的传承与创新、古筝自然指序练习、古筝密集与超密集指序练习、传统及现代古筝名曲鉴赏。
●
相关链接 在E读中查询图书 在五车中查询图书 在当当中查询图书 在豆瓣中查询图书


正题名:古筝文化与指序练习之法     索取号:J632.321/183         预约/预借

序号 登录号 条形码 馆藏地/架位号 状态 备注
1 1340928   213409284   第一样本阅览室/ [索取号:J632.321/183] 在馆    
2 1340929   213409293   第一借阅区/ [索取号:J632.321/183] 在馆    
3 1340930   213409300   第一借阅区/ [索取号:J632.321/183] 在馆    
4 1340931   213409319   第一借阅区/ [索取号:J632.321/183] 在馆    
唐山师范学院图书馆 欢迎您!
大连网信软件有限公司© 版权所有